| 000 | 01207nam a2200385 c 4500 | ||
|---|---|---|---|
| 001 | 45398 | ||
| 003 | ES-MaCES | ||
| 005 | 20141114110315.0 | ||
| 008 | 141113s2014 sp | o000 0 spa | ||
| 017 |
_aB 17962-2014 _bDL |
||
| 020 | _a9788490643051 | ||
| 040 |
_aES-MaCES _bspa _cES-MaCES |
||
| 100 | 1 |
_aEscalona, Núria _935360 |
|
| 245 | 1 | 0 |
_aInstituciones públicas conectadas _cNúria Escalona |
| 250 | _a1ª ed. | ||
| 260 |
_aBarcelona _bEditorial UOC _c2014 |
||
| 300 |
_a104 p. _bil., gráf. _c18 cm |
||
| 490 | 0 |
_aTic.cerø _v60 |
|
| 504 | _aBibliografía: p. 101-104 | ||
| 650 | 4 |
_aorganización institucional _927196 |
|
| 650 | 4 |
_aorganismo gubernamental _929508 |
|
| 650 | 4 |
_adesarrollo institucional _929802 |
|
| 650 | 4 |
_arelaciones interinstitucionales _930832 |
|
| 650 | 4 |
_aInternet _930572 |
|
| 650 | 4 |
_ared electrónica _930571 |
|
| 650 | 4 |
_atecnología de la información _930104 |
|
| 650 | 4 |
_ared social _930592 |
|
| 650 | 4 |
_aservicios públicos _927230 |
|
| 650 | 4 |
_aacceso a la información _929226 |
|
| 650 | 4 |
_aEspaña _926964 |
|
| 653 | _aAdministración-Instituciones públicas | ||
| 830 | 0 |
_935361 _aTic.cerø _v60 |
|
| 902 | _aLIB Libro | ||
| 942 |
_2CES _cBK _h6.3. |
||
| 999 |
_c45398 _d45398 |
||